000 00368nam a2200157Ia 4500
003 Ost
005 20260225132538.0
008 260225s9999||||xx |||||||||||||| ||und||
040 _cfsic
041 _afre
082 _a355
100 _aMaurice bertand
_eAuteur
245 0 _aLa stratégie suicidaire de l'occident /
245 0 _cMaurice bertand
942 _cكتاب
999 _c33328
_d33328